Convenio constitutivo de la Corporación Andina de Fomento

שמור ב:
מידע ביבליוגרפי
מחבר תאגידי: Corporación Andina de Fomento
פורמט: Texto
יצא לאור: Caracas: Corporación Andina de Fomento
תגים: הוספת תג
אין תגיות, היה/י הראשונ/ה לתייג את הרשומה!

MARC

LEADER 00000 a a2200000 04500
001 24246
003
040
090 |a 166100  
110 |a Corporación Andina de Fomento  
245 |a Convenio constitutivo de la Corporación Andina de Fomento  
260 |a Caracas:   |b Corporación Andina de Fomento  
300 |a 34 p.   |b **no definido**  
999 |c 4683  |d 4683